Statistics for Atalanta BC Squad 2020-2021

Click here to take the quiz!

General Stats

  • This quiz has been taken 60 times
    (41 since last reset)
  • The average score is 19 of 32

Answer Stats

#PositionNationPlayer% Correct
2DFItalyRafael Tolói
96%
9FWColombiaLuis Muriel
92%
8DFGermanyRobin Gosens
92%
91FWColombiaDuván Zapata
88%
33DFNetherlandsHans Hateboer
88%
72FWSloveniaJosip Iličić
84%
95GKItalyPierluigi Gollini
84%
11MFSwitzerlandRemo Freuler
84%
59MFRussiaAleksey Miranchuk
80%
6DFArgentinaJosé Luis Palomino
80%
88MFCroatiaMario Pašalić
80%
15MFNetherlandsMarten de Roon
80%
3DFDenmarkJoakim Mæhle
72%
18MFUkraineRuslan Malinovskyi
72%
-CoachItalyGian Piero Gasperini
68%
57GKItalyMarco Sportiello
68%
19DFAlbaniaBerat Djimsiti
64%
10FWArgentinaPapu Gómez
64%
17DFArgentinaCristian Romero
60%
32MFItalyMatteo Pessina
60%
13DFItalyMattia Caldara
48%
7FWNetherlandsSam Lammers
48%
20MFUkraineViktor Kovalenko
44%
4DFCroatiaBoško Šutalo
40%
31GKItalyFrancesco Rossi
36%
79FWIvory CoastAmad Diallo
28%
26DFColombiaJohan Mojica
28%
40DFItalyMatteo Ruggeri
28%
1GKSerbiaBoris Radunović
24%
21DFItalyCristiano Piccini
24%
27DFItalyFabio Depaoli
16%
24GKItalyMarco Carnesecchi
16%

Score Distribution

Percentile by Number Answered

Percent of People with Each Score

Your Score History

You have not taken this quiz since the last reset